Quizzes
Events
Quiz Creation
Community
Videos
Private Events
Remove Ads
Sign In
Join for FREE
Feedback
Dark Mode
Quiz Categories
Sports
Geography
Music
Movies
Television
Just For Fun
Miscellaneous
History
Literature
Language
Science
Gaming
Entertainment
Religion
Holiday
For Kids
Quiz Lab
Recent
Popular Today
Quiz Kudos Today
Editor Picks
Curator Picks
Quizzes by...
Day
Popularity
Type
Ratings
Length
Year
Community
Subscriptions
Recent Discussions
Orange Saloon
Badges
Playlists
Quests
Create
Leaderboards
Showdown
Live 5
Trivia Bingo
Activity
Puzzle Library
Sporcle Events
Private Events
Virtual Trivia
Globe League
Become a Host
Pub Owners
SporcleCon
Opinionation
Our Games
Videos
Blog
Mobile Apps
Partnerships
Remove Ads and Go Orange
Feedback
Geography
Country
Landmarks
City
State
Population
World
Capital
Continent
Flags
Europe
Africa
Asia
South America
North America
Oceania
Border
Canada
United Kingdom
Topography
United States
Geography
Country
Landmarks
City
State
Population
World
Capital
Continent
Flags
Europe
Africa
Asia
South America
North America
Oceania
Border
Canada
United Kingdom
Topography
United States
Random Quiz
Search Sporcle
×
Quiz Lab
Quiz Lab
Geography
State
Type in answers that appear in a list
Type in answers that appear in a list
Classic
Best Score? Go Orange.
50 States and Capitals by their initials Stats
Can you name the 50 States and Capitals by their initials?
By
mattie96
6m
50 Questions
506 Plays
506 Plays
506 Plays
Comments
Comments
Give Quiz Kudos
Give Quiz Kudos
-
- Ratings
hide this ad
More Info
Forced Order
Answers have to be entered in order
Answers have to be entered in order
Replay
Link that replays current quiz
Next Quiz
Link to next quiz in quiz playlist
You Got
0%
They Got
Avg Score
45%
Avg Friend Score
Upgrade to see
Score Distribution
Jump to the score distribution portion of the page
Score
0/50
Timer
06:00
0
Plays Today
Initials (Capital, State)
Capital and State
% Correct
A, N Y
Albany New York
97.4%
A, G
Atlanta Georgia
81.9%
B R, L
Baton Rouge Louisiana
73%
A, T
Austin Texas
67.3%
B, I
Boise Idaho
66.7%
B, N D
Bismarck North Dakota
60.9%
C C, N
Carson City Nevada
57.5%
A, M
Annapolis Maryland
56.5%
D M, I
Des Moines Iowa
56.5%
C, W V
Charleston West Virginia
56.2%
F, K
Frankfort Kentucky
55.2%
D, D
Dover Delaware
53.4%
C, O
Columbus Ohio
52.8%
B, M
Boston Massachusetts
52.6%
C, S C
Columbia South Carolina
52.6%
D, C
Denver Colorado
52.4%
H, H
Honolulu Hawaii
51.6%
I, I
Indianapolis Indiana
51.4%
C, N H
Concord New Hampshire
51%
A, M
Augusta Maine
50%
C, W
Cheyenne Wyoming
48.8%
H, P
Harrisburg Pennsylvania
47.2%
L R, A
Little Rock Arkansas
44.6%
J, A
Juneau Alaska
43.7%
J C, M
Jefferson City Missouri
42.7%
Initials (Capital, State)
Capital and State
% Correct
J, M
Jackson Mississippi
41.9%
P, R I
Providence Rhode Island
41.5%
R, N C
Raleigh North Carolina
39.9%
O C, O
Oklahoma City Oklahoma
39.1%
H, M
Helena Montana
38.7%
N, T
Nashville Tennessee
38.5%
L, N
Lincoln Nebraska
38.3%
H, C
Hartford Connecticut
37.9%
L, M
Lansing Michigan
36.5%
P, S D
Pierre South Dakota
36.1%
S L C, U
Salt Lake City Utah
34.5%
T, N J
Trenton New Jersey
34.5%
S F, N M
Santa Fe New Mexico
34.3%
M, V
Montpelier Vermont
32.5%
S, C
Sacramento California
31.9%
O, W
Olympia Washington
31.3%
R, V
Richmond Virginia
30.4%
T, F
Tallahassee Florida
29.6%
M, W
Madison Wisconsin
29.2%
M, A
Montgomery Alabama
27.4%
P, A
Phoenix Arizona
27.4%
S, O
Salem Oregon
27%
T, K
Topeka Kansas
26%
S P, M
Saint Paul Minnesota
22.8%
S, I
Springfield Illinois
22.8%
Quiz Playlist
Details
Report
Send in Message
Add To Playlist
More Info:
****Entries are listed alphabetically by capital! You must enter both the capital and the state, in that order, for the answer to count.
Classic:
Type in answers that appear in a list
Forced Order:
Answers have to be entered in order
Last Updated: Feb 16, 2017
Quiz Scoreboard
CHALLENGE
Sign Up to Join the Scoreboard
Show All
Scores
Hide
Comments
May contain spoilers
Recently Published
Movies - When Are They Set?
by FPL_Elf
Movies
5m
Popular People in 1961
by mucciniale
History
6m
1-10 Letter E Words III
by El_Dandy
Language
2m
More to Explore
Quiz From the Vault
Featured Blog Post
Where Did the Easter Bunny Come From?
hide this ad
You Might Also Like...
Tags
Capital Quiz
State Quiz
United States Quiz
America
initial
US Capitals
Today's Top Quizzes in Geography
Browse Geography
hide this ad
Today's Top Quizzes in State
Browse State
Top Contributed Quizzes in Geography
1
Countries of the World - No Outlines Minefield
2
Top 25 Cities of France on a map
3
Closest Countries to UK A-Z
4
African Flag Reveal XLV
5
Blind Ultimate Minefield: USA
6
One Thing in Common: United Kingdom
7
Blind Secret Country CLXXXVIII
8
One Thing in Common: Asia
9
Find the US States - No Outlines
10
One Thing in Common: Geography
Explore More
Trending Topics
Crossword
NBA
Disney
Anime
Kpop
Harry Potter
Marvel
Song
Pokémon
Country
The Office
NFL
Soccer
Puzzle
WWE
hide this ad
More By:
mattie96
Quiz
Plays
Rating
Category
Featured
Created
Citizenship Test: America
11,917
1.72
History
Mar 21, 2010
Random Capitals of the World
786
1.82
Geography
Apr 1, 2010
50 States and Capitals by their initials
506
5.00
Geography
Jun 21, 2011
50 States by 50 TV Series
343
4.00
Television
Jul 2, 2011
U.S. States in Alpahbetical order
249
3.67
Geography
Mar 21, 2010
Go to Creator's Profile
Score Distribution
Quiz Creator Spotlight
mattie96
Follow
Send a Message
Quizzes Created
-
Created Quiz Play Count
-
More By This Creator
Popular Quizzes Today
1
Find the US States - No Outlines Minefield
2
Find the Countries of Europe - No Outlines Minefield
3
The Countries of the World
4
Popular People in 1961
5
1-10 Letter E Words III
6
US States
7
Find the US States
8
One Thing in Common: World Cities II
More Geography Quizzes
Risky Map Clicking: Next State Alphabetically
Published
Trending Quizzes
Risky Map Clicking: Least Populous States A-Z
1-10 Letter F Words
1-10 Letter G Words
One Thing in Common: United Kingdom
Risky Map Clicking: Next State Alphabetically
Recently Updated
Leaping Animals
pecheneg
Reality TV Shows (A-Z)
bhenderson79
Rickey Henderson's Hall of Fame Teammates
pecheneg
Champions League XIs: Arsenal
pecheneg
Quick Pick: Celebrities in WWE's Hall of Fame
aduchscher
A-Z Keypad Blitz II
pecheneg
Multiple Oscar Actors
pecheneg
Mystery Phrase Blitz: Oscar 'Best Actors'
pecheneg
F. Scott Fitzgerald Novels
LTH
Pick 3 Villains
ddd62291
Trending Topics
NBA
Harry Potter
Marvel
Anime
Disney
Kpop
Crossword
The Office
NFL
Soccer
Puzzle
WWE
Country
Pokémon
Song
Your Account Isn't Verified!
In order to create a playlist on Sporcle, you need to verify the email address you used during registration. Go to your
Sporcle Settings
to finish the process.
Report this User
Report this user for behavior that violates our
Community Guidelines
.
Details:
Send Report
Go to the Sporcle.com Mobile Site →
Comments